Capitals of Indian States on a Map - Statistics

General Stats
  • This quiz has been taken 2,875 times
  • The average score is 23 of 36
Answers on the Map
Answers color-coded by a green-red scale on the quiz's map according to % correct below.
 
Answer Stats
State % Correct
Mumbai
93%
Delhi
90%
Chennai
89%
Kolkata
87%
Hyderabad/Amaravati
86%
Bengaluru
85%
Hyderabad
84%
Jaipur
84%
Lucknow
79%
Chandigarh
75%
Chandigarh
75%
Chandigarh
75%
Bhopal
74%
Srinagar/Jammu
72%
Patna
70%
Thiruvananthapuram
67%
Gandhinagar
63%
Panaji
58%
Bhubaneswar
57%
Raipur
56%
Shimla
56%
Ranchi
55%
Gangtok
54%
Leh
53%
Dehradun
51%
Dispur
50%
Puducherry
49%
Itanagar
46%
Port Blair
46%
Shillong
45%
Aizawl
43%
Imphal
43%
Agartala
41%
Daman
41%
Kohima
41%
Kavaratti
24%
No matching quizzes found
Score Distribution
Percent of People with Each Score
Percentile by Number Answered
Your Score History
You have not taken this quiz